Структурно-фазовое состояние циркониевого сплава ZR-1NB с покрытием CR/MO при высокотемпературном окислении на воздухе; Материалы и технологии в атомной энергетике

Podrobná bibliografie
Parent link:Материалы и технологии в атомной энергетике.— 2022.— [С. 20]
Korporativní autor: Национальный исследовательский Томский политехнический университет Инженерная школа ядерных технологий Научно-образовательный центр Б. П. Вейнберга
Další autoři: Абдульменова А. В. Анастасия Владимировна, Сыртанов М. С. Максим Сергеевич, Кашкаров Е. Б. Егор Борисович, Сиделёв Д. В. Дмитрий Владимирович
Shrnutí:Заглавие с экрана
Jazyk:ruština
Vydáno: 2022
Témata:
On-line přístup:https://vniinm.ru/download_files/Программа%20и%20тезисы%20молодежной%20конференции%2022-23.06.2022.pdf#page=19
Médium: MixedMaterials Elektronický zdroj Kapitola
KOHA link:https://koha.lib.tpu.ru/cgi-bin/koha/opac-detail.pl?biblionumber=669175

MARC

LEADER 00000naa0a2200000 4500
001 669175
005 20260209150816.0
035 |a (RuTPU)RU\TPU\network\40415 
035 |a RU\TPU\network\40086 
090 |a 669175 
100 |a 20230220d2022 k y0rusy50 ca 
101 0 |a rus 
102 |a RU 
135 |a drgn ---uucaa 
181 0 |a i  
182 0 |a b 
200 1 |a Структурно-фазовое состояние циркониевого сплава ZR-1NB с покрытием CR/MO при высокотемпературном окислении на воздухе  |f А. В. Абдульменова, М. С. Сыртанов, Е. Б. Кашкаров, Д. В. Сиделёв 
203 |a Текст  |c электронный 
300 |a Заглавие с экрана 
320 |a [Библиогр.: с. 20 (2 назв.)] 
463 |t Материалы и технологии в атомной энергетике  |o программа и тезисы докладов молодежной научно-практической конференции, Москва, 22-23 июня 2022  |v [С. 20]  |d 2022 
610 1 |a труды учёных ТПУ 
610 1 |a электронный ресурс 
701 1 |a Абдульменова  |b А. В.   |c физик  |c инженер Томского политехнического университета  |f 2001-  |g Анастасия Владимировна  |9 88515 
701 1 |a Сыртанов  |b М. С.  |c физик  |c доцент, научный сотрудник Томского политехнического университета, кандидат технических наук  |f 1990-  |g Максим Сергеевич  |3 (RuTPU)RU\TPU\pers\34762  |9 18112 
701 1 |a Кашкаров  |b Е. Б.  |c физик  |c доцент, научный сотрудник Томского политехнического университета, кандидат физико-математических наук  |f 1991-  |g Егор Борисович  |3 (RuTPU)RU\TPU\pers\30728  |9 14999 
701 1 |a Сиделёв  |b Д. В.  |c физик  |c доцент Томского политехнического университета, кандидат технических наук  |f 1991-  |g Дмитрий Владимирович  |y Томск  |3 (RuTPU)RU\TPU\pers\34510  |9 17891 
712 0 2 |a Национальный исследовательский Томский политехнический университет  |b Инженерная школа ядерных технологий  |b Научно-образовательный центр Б. П. Вейнберга  |3 (RuTPU)RU\TPU\col\23561 
801 2 |a RU  |b 63413507  |c 20230220  |g RCR 
850 |a 63413507 
856 4 |u https://vniinm.ru/download_files/Программа%20и%20тезисы%20молодежной%20конференции%2022-23.06.2022.pdf#page=19  |z  https://vniinm.ru/download_files/Программа%20и%20тезисы%20молодежной%20конференции%2022-23.06.2022.pdf#page=19 
942 |c CF